El orden de los libros : lectores, autores, bibliotecas en Europa entre los siglos XIV y XVIII /

Bibliographic Details
Main Author: Chartier, Roger, 1945-
Other Authors: Garcia Càrcel, Ricard, Ackerman, Viviana Claudia
Format: Book
Language:Spanish
Published: Barcelona : Gedisa, 1996.
Edition:2a. ed.
Series:Colección LeA (Barcelona, Spain) ; 4.
Subjects:

MARC

Tag First Indicator Second Indicator Subfields
LEADER 00000cam a2200000 a 4500
001 in00001403656
005 20151020053124.0
008 981105s1996 sp b 000 0 spa d
020 |a 847432498X 
035 |a (OCoLC)40247585 
035 |9 AHM7100AM 
040 |a TXA  |c TXA  |d UtOrBLW 
043 |a e------ 
049 |a TXAM 
090 |a Z1003.5.E9  |b C4718 1996 
100 1 |a Chartier, Roger,  |d 1945- 
240 1 0 |a Ordre des livres.  |l Spanish 
245 1 3 |a El orden de los libros :  |b lectores, autores, bibliotecas en Europa entre los siglos XIV y XVIII /  |c por Roger Chartier ; prólogo de Ricardo García Cárcel ; traducción: Viviana Ackerman. 
250 |a 2a. ed. 
264 1 |a Barcelona :  |b Gedisa,  |c 1996. 
300 |a 108 pages ;  |c 23 cm. 
336 |a text  |b txt  |2 rdacontent 
337 |a unmediated  |b n  |2 rdamedia 
338 |a volume  |b nc  |2 rdacarrier 
490 1 |a L.E.A. ;  |v 4 
500 |a Título original: L'ordre des livres. Lecteurs, auteurs, bibliothèques en Europe entre XIV et XVIII siècle. 
504 |a Includes bibliographical references. 
650 0 |a Books and reading  |z Europe  |x History. 
650 0 |a Authors and readers  |z Europe  |x History. 
650 0 |a Libraries  |z Europe  |x History. 
651 0 |a Europe  |x Intellectual life. 
653 |a Libros  |a Europa  |a XIV/XVIII. 
653 |a Bibliotecas y lectores  |a Europa  |a XIV/XVIII. 
653 |a Autores  |a Europa  |a XIV/XVIII. 
700 1 |a Garcia Càrcel, Ricard. 
700 1 |a Ackerman, Viviana Claudia. 
830 0 |a Colección LeA (Barcelona, Spain) ;  |v 4. 
948 |a o:fp 
999 |a MARS 
999 f f |s f28a44c4-16e9-3206-9bc0-75335de1c2b6  |i 45f2c73f-9d38-3e0b-9ce3-00769b04bf28  |t 0 
952 f f |p normal  |a Texas A&M University  |b College Station  |c Sterling C. Evans Library  |d Evans: Library Stacks  |t 0  |e Z1003.5.E9 C4718 1996  |h Library of Congress classification  |i unmediated -- volume  |m A14822536862 
998 f f |a Z1003.5.E9 C4718 1996  |t 0  |l Evans: Library Stacks